| 000 | 00368nam a22001337a 4500 | ||
|---|---|---|---|
| 082 | _aP-744 | ||
| 100 |
_aMuhammad Zohaib _951220 |
||
| 245 |
_aEvaluation of Engineering Projects of Green Concrete _cMuhammad Zohaib |
||
| 260 |
_aRisalpur, _bMCE, _c2017. |
||
| 300 |
_a99p. _bNil |
||
| 526 |
_a0 _b0 _c0 _dP_744 |
||
| 700 |
_aLt Col Maqbool Sadiq _951221 |
||
| 942 |
_2ddc _cBK |
||
| 999 |
_c553966 _d553966 |
||